|
|
|
|
| LEADER |
00000nab a2200000 a 4500 |
| 001 |
vtls010111213 |
| 003 |
SK-MaSNL |
| 005 |
20260304050238.0 |
| 008 |
100630 2010 xo 000 0 cze |
| 015 |
|
|
|a SNBRB2010/06
|2 lmaosk
|
| 038 |
|
|
|a LMAOSK
|
| 040 |
|
|
|a LMAOSK
|b slo
|c LMAOSK
|e AACR2
|
| 041 |
0 |
|
|a cze
|a slo
|
| 044 |
|
|
|a xo
|c SK
|
| 080 |
|
|
|a 623
|2 2001
|
| 100 |
1 |
|
|a Chlopotov, Alexej,
|4 aut
|9 1083482
|
| 245 |
1 |
0 |
|a T-90 hlavní bojový tank Ruska
|n část 4
|c Alexej Chlopotov; Tomáš Andrejsek; A. Chlopotov,D. Pičugin
|
| 300 |
|
|
|b Fotogr.
|
| 650 |
0 |
7 |
|a T-90 (tank)
|2 lmaosk
|9 1083483
|
| 650 |
0 |
7 |
|a tanky
|2 SNKPH
|9 27577
|
| 650 |
0 |
7 |
|a tanky vojenské
|2 lmaosk
|9 888874
|
| 651 |
|
7 |
|a Rusko
|2 SNKPH
|9 17250
|
| 700 |
1 |
|
|a Andrejsek, Tomáš
|4 trl
|9 1083484
|
| 700 |
1 |
|
|a Chlopotov, Alexej
|4 pht
|9 1083482
|
| 700 |
1 |
|
|a Pičugin, D.
|4 pht
|9 1331156
|
| 773 |
0 |
|
|t ATM
|g Roč. 42, č. 6/2010, s. 36-39
|x 1802-4823
|
| 852 |
|
|
|a LMAOSK
|b KIS3GCP
|
| 958 |
|
|
|a CZ
|
| 958 |
|
|
|a NB
|
| 999 |
|
|
|c 2697265
|d 2699195
|